10 Random Countries on a World Map - Statistics

General Stats
  • This quiz has been taken 20 times
  • The average score is 9 of 10
Answers on the Map
Answers color-coded by a green-red scale on the quiz's map according to % correct below.
 
Answer Stats
Country % Correct
Afghanistan
100%
Angola
100%
Argentina
100%
Armenia
100%
Austria
100%
Bangladesh
100%
Belarus
100%
Belgium
100%
Benin
100%
Bolivia
100%
Bosnia and Herzegovina
100%
Brazil
100%
Bulgaria
100%
Burundi
100%
Chile
100%
China
100%
Colombia
100%
Comoros
100%
Costa Rica
100%
Croatia
100%
Czech Republic
100%
Denmark
100%
Dominican Republic
100%
Egypt
100%
El Salvador
100%
Estonia
100%
Fiji
100%
Finland
100%
France
100%
Georgia
100%
Greece
100%
Haiti
100%
Honduras
100%
Hungary
100%
Iceland
100%
India
100%
Indonesia
100%
Iran
100%
Iraq
100%
Israel
100%
Ivory Coast
100%
Jamaica
100%
Japan
100%
Jordan
100%
Kiribati
100%
Kosovo
100%
Kuwait
100%
Kyrgyzstan
100%
Laos
100%
Lesotho
100%
Liberia
100%
Libya
100%
Lithuania
100%
Madagascar
100%
Malaysia
100%
Maldives
100%
Mali
100%
Malta
100%
Mauritius
100%
Moldova
100%
Morocco
100%
Mozambique
100%
Myanmar
100%
Nicaragua
100%
North Korea
100%
Norway
100%
Pakistan
100%
Palau
100%
Panama
100%
Papua New Guinea
100%
Paraguay
100%
Peru
100%
Philippines
100%
Poland
100%
Portugal
100%
Romania
100%
Russia
100%
Samoa
100%
Saudi Arabia
100%
Serbia
100%
Seychelles
100%
Slovakia
100%
South Africa
100%
South Sudan
100%
Sweden
100%
Switzerland
100%
Taiwan
100%
Tanzania
100%
Togo
100%
Tonga
100%
Tunisia
100%
Tuvalu
100%
Ukraine
100%
Uruguay
100%
Uzbekistan
100%
Venezuela
100%
Yemen
100%
Zambia
100%
Marshall Islands
75%
Sierra Leone
75%
Mauritania
67%
Turkmenistan
67%
Tajikistan
50%
Solomon Islands
33%
Albania
0%
Algeria
0%
Australia
0%
Azerbaijan
0%
Bahamas
0%
Belize
0%
Botswana
0%
Burkina Faso
0%
Cambodia
0%
Cameroon
0%
Canada
0%
Cape Verde
0%
Central African Republic
0%
Chad
0%
Cuba
0%
DR Congo
0%
Ecuador
0%
Equatorial Guinea
0%
Eritrea
0%
Eswatini
0%
Ethiopia
0%
FS Micronesia
0%
Gabon
0%
Germany
0%
Ghana
0%
Guatemala
0%
Guinea
0%
Guinea-Bissau
0%
Guyana
0%
Ireland
0%
Italy
0%
Kazakhstan
0%
Kenya
0%
Latvia
0%
Malawi
0%
Mexico
0%
Mongolia
0%
Namibia
0%
Nauru
0%
Nepal
0%
Netherlands
0%
New Zealand
0%
Niger
0%
Nigeria
0%
North Macedonia
0%
Oman
0%
Republic of the Congo
0%
Rwanda
0%
Sao Tome and Principe
0%
Senegal
0%
Slovenia
0%
Somalia
0%
South Korea
0%
Spain
0%
Sri Lanka
0%
Sudan
0%
Suriname
0%
Syria
0%
Thailand
0%
Turkey
0%
Uganda
0%
United Arab Emirates
0%
United Kingdom
0%
United States
0%
Vanuatu
0%
Vietnam
0%
Zimbabwe
0%
No matching quizzes found
Score Distribution
Percent of People with Each Score
Percentile by Number Answered
Your Score History
You have not taken this quiz